Biblioteca

Preaching from memory to hope (Registro nro. 64188)

Detalles MARC
000 -LÍDER
Campo fijo de descripción fija 01588nam a2200397 i 4500
001 - NÚMERO DE CONTROL
Campo de control 768714001
003 - IDENTIFICADOR DEL NÚMERO DE CONTROL
Campo de control CO-MdFUSB
005 - FECHA Y HORA DE LA ULTIMA TRANSACCIÓN
control field 20251001110925.0
008 - ELEMENTOS DE LONGITUD FIJA -- INFORMACIÓN GENERAL
Campo fijo de descripción fija -- Información general 080908t2009 kyu g b 001 0 eng
010 ## - NÚMERO DE CONTROL DE LA BIBLIOTECA DEL CONGRESO
Número de control LC 2008039354
020 ## - NÚMERO INTERNACIONAL NORMALIZADO PARA LIBROS
Número Internacional Normalizado del libro 9780664234225 (alk. paper)
020 ## - NÚMERO INTERNACIONAL NORMALIZADO PARA LIBROS
Número Internacional Normalizado del libro 0664234224 (alk. paper)
040 ## - FUENTE DE CATALOGACIÓN
Agencia de catalogación original DLC
Agencia que realiza la transcripción CO-MdFUSB
Agencia que realiza la modificación CO-MdFUSB
-- YDXCP
-- C#P
-- BWX
-- CDX
-- DLC
Idioma de catalogación spa
Convenciones de la descripción rda
041 ## - CÓDIGO DE IDIOMA
Código de idioma para texto/pista de sonido o título separado eng
082 ## - NÚMERO DE CLASIFICACIÓN DECIMAL DEWEY
Número de la edición del Dewey 24
Número de clasificación G 251
Clave de autor-Numero de item L848p
100 1# - ASIENTO PRINCIPAL--NOMBRE PERSONAL
Nombre personal Long, Thomas G.,
Fechas asociadas con el nombre 1946-
Término relacionador autor
242 00 - TRADUCCIÓN DEL TÍTULO POR AGENCIA CATALOGADORA
Título Predicando de la memoria a la esperanza
Idioma del título original Inglés
245 00 - TÍTULO
Título del Material Preaching from memory to hope
Mención de responsabilidad, etc. / Thomas G. Long.
250 ## - MENCIÓN DE EDICIÓN
Mención de edición primera edición
264 #1 - PRODUCCIÓN, PUBLICACIÓN, DISTRIBUCIÓN, MANUFACTURA, Y COPYRIGHT
Lugar de producción, publicación, distribución, manufactura Louisville, Ky. :
Nombre del productor, publicador, distribuidor Westminster John Knox Press,
Fecha de producción, publicación, distribución, manufactura, o copyright 2009
264 #4 - PRODUCCIÓN, PUBLICACIÓN, DISTRIBUCIÓN, MANUFACTURA, Y COPYRIGHT
Fecha de producción, publicación, distribución, manufactura, o copyright ©2009
300 ## - DESCRIPCIÓN FÍSICA
Extensión xv, 152 páginas ;
Dimensiones 23 cm.
Otros detalles físicos :
336 ## - TIPO DE CONTENIDO
Fuente rdacontent
Término de tipo de contenido texto
Código de tipo de contenido txt
337 ## - TIPO DE MEDIO
Fuente rdamedia
Nombre del tipo de medio sin mediación
Código del tipo de medio n
338 ## - TIPO DE SOPORTE
Fuente rdacarrier
Nombre del tipo de soporte volumen
Código Tipo de soporte nc
501 ## - NOTA DE “CON”
Nota de Contenido Incluye índice (p. 145- 152)
504 ## - NOTA DE BIBLIOGRAFÍA, ETC.
Nota de bibliografía, etc Bibliografía (páginas. 133-143)
505 ## - NOTA DE CONTENIDO
Nota de contenido con formato preestablecido Introducción -- Una historia probable: los peligros y el poder de la narración en la predicación -- No hay noticias son malas noticias: Dios en tiempo presente -- Sospecha desagradable, teorías de conspiración, y el regreso del gnosticismo --<br/> Encuentro de nuevo con Marcus Borg por primera vez -- Predicando en el futuro perfecto: escatología y proclamación.
563 ## - NOTA DE ENCUADERNACIÓN
Nota de encuadernación Rústico
650 #0 - ASIENTO SECUNDARIO DE MATERIA - TERMINO TEMÁTICO
Término temático o nombre geográfico como elemento de entrada Predicación
9 (RLIN) 54
942 ## - TIPO DE MATERIAL (KOHA)
Tipo de Item KOHA Libros General
945 ## - INFORMACIÓN LOCAL DEL REGISTRO
Catalogador JTF-925
Existencias
Estado de Material Estado de Perdido Forma de Clasificación Estado de Dañado No para Préstamo Colección Biblioteca de Origen Biblioteca Permanente Fecha de Adquisición Total de Préstamos Signatura Topográfica Código de Barras Última vez visto Última vez Préstado Ejemplar/Existencia Fecha de Remplazo Tipo de Material
    Dewey Decimal Classification     Colección General Biblioteca FUSBC Biblioteca FUSBC 31/01/2018 3 G 251 L848p 10979 12/12/2019 10/09/2018 Ej. 1 31/01/2018 Libros General

Biblioteca FUSBC | Teléfono: (57+4) 349 88 10 Ext. 141| WhatsApp (+57) 3005338115 
E-mail: biblioteca@unisbc.edu.co | Calle 76 87-14 Robledo Palenque, Medellín, Colombia

Con tecnología Koha